000 00664cam a2200193 4500
005 20251002083909.0
008 251002b ag |||||||| |||| 00| 0 spa d
020 _a9501400611
050 0 4 _aKHA2589
_bA48 1982
100 1 _aAlvarado Velloso, Adolfo
245 1 3 _aEl Juez
_b : sus deberes y facultades : los derechos procesales del abogado frente al juez
_c / Adolfo Alvarado Velloso
250 _a1a ed.
260 _aBuenos Aires :
_bEdiciones Depalma,
_c1982
300 _axix, 334 p. ;
_c23 cm.
504 _aBibliografia : p. 317-327 e índice
650 7 _2lemb
_aJueces
_xArgentina
650 7 _aProcedimientos civiles
_xArgentina
942 _2lcc
_cLIB
999 _c135850
_d135850